Social statistics
I tiakina i:
| Kaituhi matua: | |
|---|---|
| Hōputu: | Pukapuka |
| Reo: | Ingarihi |
| I whakaputaina: |
Nueva York
McGraw-Hill Book Company
1979
|
| Putanga: | 2a. ed |
| Rangatū: | McGraw-Hill Series in Sociology
|
| Ngā marau: | |
| Ngā Tūtohu: |
Tāpirihia he Tūtohu
Kāore He Tūtohu, Me noho koe te mea tuatahi ki te tūtohu i tēnei pūkete!
|
MARC
| LEADER | 00000cam a2200000 a 4500 | ||
|---|---|---|---|
| 001 | UCD0368 | ||
| 003 | CL-VaPUC | ||
| 008 | 151127e19790000us |||||||||||||||||eng|d | ||
| 020 | |a 0070057524 | ||
| 082 | 0 | 4 | |a 519.5 |b BLA |2 21 |
| 100 | 0 | |a Blalock, Hubert M |e author |9 583357 | |
| 245 | 1 | 0 | |a Social statistics |
| 250 | |a 2a. ed | ||
| 300 | |a 625 p | ||
| 942 | |c BK | ||
| 945 | |d 20151127 13:45:00 |a dcastane | ||
| 260 | |a Nueva York |b McGraw-Hill Book Company |c 1979 | ||
| 650 | 0 | |a Estadística matemática |9 260028 | |
| 650 | 0 | |a Ciencias sociales |9 256351 | |
| 650 | 0 | |a Métodos estadísticos |9 259407 | |
| 583 | |a last modification |c 20151127 13:45:00 |k Rodrigo Vera | ||
| 490 | 0 | |a McGraw-Hill Series in Sociology | |
| 999 | |c 361933 |d 361931 | ||
| 952 | |0 0 |1 0 |3 erd |4 0 |6 519_500000000000000_BLA_1979 |7 0 |8 A |9 472687 |a BIBEDU |b BIBEDU |i 5252490 |o 519.5 BLA 1979 |p 5252490 |r 2019-11-24 |w 2019-11-24 |y BK |z Catalogado en:20151127 |k LIT | ||